000 00846nam a2200265 i 4500
001 bg
100 1 _aKOŁSUT, Sławomira
245 1 0 _aWirtschaftsgespräche =
_bRozmowy o gospodarce /
_cSławomira Kołsut.
250 _a[Wyd. 1, dodr.].
260 _aWarszawa :
_b"Poltext",
_c2004.
300 _a251, [1] s. :
_bfot., rys., wykr. ;
_c24 cm.
500 _aTekst częśc. równol. niem., pol.
504 _aBibliogr. s. 251-[252].
650 9 _aNauki ekonomiczne
_xsłownictwo
650 9 _aJęzyk niemiecki
655 _aPodręczniki
020 _a8386890436
040 _cBPK
041 1 _agerpol
_hpol
080 _a811.112.2(07):33
920 _a83-86890-43-6
942 _cKS
008 s pl f |000 0 pol
999 _c44670
_d44670
856 _uhttp://koha.tu.koszalin.pl/cgi-bin/koha/opac-detail.pl?biblionumber=44670
_yKatalog online BPK